[Event "SVK-ch U18"]
[Site "Stara Lubovna"]
[Date "2022.05.23"]
[Round "4"]
[White "Rucek, Kristian"]
[Black "Kapec, Kristian"]
[Result "1-0"]
[WhiteElo "2128"]
[BlackElo "1902"]
[PlyCount "61"]
[EventDate "2022.05.21"]
[EventType "swiss"]
[EventRounds "9"]
[EventCountry "SVK"]
[SourceTitle "CBM 208 Extra"]
[Source "ChessBase"]
[SourceDate "2022.07.31"]
[SourceVersion "1"]
[SourceVersionDate "2022.07.31"]
[SourceQuality "1"]

1. d4 Nf6 2. c4 e5 3. dxe5 Ng4 4. e4 Nxe5 5. f4 Nec6 6. Nc3 Bc5 7. Na4 Bxg1 8. Rxg1 Qh4+ 9. g3 Qxh2 10. Rg2 Qh3 11. f5 Ne5 12. Bf4 Nbc6 13. Qd5 Nf3+ 14. Kf2 Nh2 15. Rxh2 Qxh2+ 16. Bg2 g5 17. Be5 f6 18. Bxf6 Rf8 19. Bg7 Ne7 20. Qd4 Nxf5 21. Qe5+ Ne7+ 22. Bxf8 Kxf8 23. Rh1 Qxh1 24. Bxh1 Ng6 25. Qf6+ Kg8 26. e5 c6 27. Be4 b5 28. Bxg6 hxg6 29. Qxg6+ Kf8 30. Nc5 Rb8 31. Qd6+ 1-0

[Event "SVK-chT 2122"]
[Site "Slovakia"]
[Date "2022.02.20"]
[Round "4.1"]
[White "Rucek, Kristian"]
[Black "Finek, Vaclav"]
[Result "0-1"]
[WhiteElo "2012"]
[BlackElo "2409"]
[PlyCount "76"]
[EventDate "2021.10.23"]
[EventType "team-tourn"]
[EventRounds "11"]
[EventCountry "SVK"]
[SourceTitle "EXT 2023"]
[Source "ChessBase"]
[SourceDate "2022.10.05"]
[SourceVersion "1"]
[SourceVersionDate "2022.10.05"]
[SourceQuality "1"]
[WhiteTeam "Dubnica nad Vahom"]
[BlackTeam "Dunajska Streda"]
[WhiteTeamCountry "SVK"]
[BlackTeamCountry "SVK"]

1. d4 Nf6 2. c4 g6 3. Nc3 d5 4. Nf3 Bg7 5. Qb3 dxc4 6. Qxc4 0-0 7. e4 Nfd7 8. Be3 Nb6 9. Qb3 Bg4 10. Rd1 Nc6 11. d5 Ne5 12. Be2 Nxf3+ 13. gxf3 Bh5 14. Kf1 Qd6 15. Kg2 Be5 16. h4 a6 17. Rd3 Kh8 18. Bh6 Rg8 19. Bd1 g5 20. hxg5 Qxh6 21. f4 Bxf4 22. Rxh5 Rxg5+ 23. Rxg5 Qxg5+ 24. Kf1 Rg8 25. Bf3 Nd7 26. Ne2 Ne5 27. Rd1 Rg6 28. Nd4 b5 29. Qc3 Qf6 30. Ke2 Nc4 31. b3 Nd6 32. Qc2 Be5 33. Nc6 Rg5 34. Rh1 b4 35. Rh3 Nb5 36. Qd3 Rg1 37. Rh5 Nc3+ 38. Kd2 Bf4+ 0-1